000 00582nam a22001817a 4500
005 20251108165258.0
008 250721s1993 xx 000 0 ara d
082 1 4 _a956.462/ابر
100 1 _aضمره، إبراهيم علي إسماعيل
245 1 0 _aمجدل الصادق :
_bالأرض و السكان : ماض عريق و أمل بالعودة /
264 1 _aعمان :
_c1993.
300 _a80ص
650 1 7 _aتاريخ فلسطين
650 1 7 _aالرمله (مدينه )
650 1 7 _aمجدل الصادق ( قريه )
942 _2ddc
_cBK
999 _c23962
_d23962